| 000 | 01792nam a22002777a 4500 | ||
|---|---|---|---|
| 999 |
_c22109 _d22109 |
||
| 003 | AR-CdUCM | ||
| 008 | 190425b ||||| |||| 00| 0 spa d | ||
| 040 |
_aMUNICIPALIDAD PROVINCIAL DEL CUSCO _cBIBLIOTECA MUNICIPAL DEL CUSCO |
||
| 082 | _aSieteculebras/N°16/2002 | ||
| 245 |
_aSiete culebras : _bRevista de cultura andina / _cMario Guevara Paredes, Director |
||
| 260 |
_aCusco : _bSieteculebras, _c2002. |
||
| 300 |
_a81 páginas. : _bilustraciones ; _c30 cm. |
||
| 440 |
_aRevista Siete Culebras. _ndiciembre, enero 2002, N°16 _947459 |
||
| 505 | _aContenido: La narrativa andina. Juan Alberto Osorio. -- El arpa peruana generalidades. Claude Ferrier. -- Poesía. Carlos Velásquez Iwaki. -- Utopía globalización y poética en la literatura femenina del nuevo milenio, Maria Regla Villa. -- La personalidad poética de César Vallejo. Clary Loisel. -- Cuente. Miguel Ildefonso. -- Poesía. Paola Paula. -- El fuego nocturno del Sur. Alejandro Alonso. -- Aporte etnobiofilosofico sobre el escarabajo blanco. Ricardo Torres. -- El humos como resorte narrativo en Bryce Echenique. Mario Pantoja. -- Una sala funeraria en Sacsayhuaman. Mónica Paredes García. -- Poesía. Ana Bertha Vizcarra. -- Entrevista con Mario Curasi. Luis Nieto. -- Recuperación del Centro Histórico del Cusco una necesidad impostergable. José Carlos Gutiérrez Samanez. ... | ||
| 650 |
_aLiteratura cusqueña _947453 |
||
| 650 |
_aNarradores cusqueños _931142 |
||
| 650 |
_aLiteratos cusqueños _944145 |
||
| 650 |
_aArqueología cusqueña _99322 |
||
| 650 |
_aPoesía _947456 |
||
| 700 |
_aGuevara Paredes, Mario _96574 |
||
| 700 |
_aVizcarra, Ana Bertha _947457 |
||
| 700 |
_aParedes García, Mónica _98651 |
||
| 700 |
_aGutiérrez Samanez, José Carlos _946831 |
||
| 942 |
_2ddc _cPP |
||
| 945 | _arac | ||